La afirmación de la identidad cultural y la formación de la conciencia nacional en el Africa contemporánea
Saved in:
| Main Authors: | , , , , , , , , , , , , , |
|---|---|
| Format: | Bog |
| Sprog: | spansk |
| Udgivet: |
Barcelona
UNESCO
1983
|
| Serier: | Temas africanos, 13
|
| Fag: | |
| Tags: |
Tilføj Tag
Ingen Tags, Vær først til at tagge denne postø!
|
MARC
| LEADER | 00000nam a2200000 a 4500 | ||
|---|---|---|---|
| 001 | UCX2699 | ||
| 003 | CL-VaPUC | ||
| 008 | 910730e19830000SP |||||||||||||||||spa|d | ||
| 082 | 0 | 4 | |a 325.46 |b AGU |2 21 |
| 100 | 0 | |a Aguessy, Honorat |e author |9 318754 | |
| 700 | 0 | |a Beseat, K. S |e author |9 318755 | |
| 700 | 0 | |a Diop, C. A |e author |9 318756 | |
| 700 | 0 | |a Hagan, G. P |e author |9 318757 | |
| 700 | 0 | |a Katoke, J. K |e author |9 318758 | |
| 700 | 0 | |a Kossou, B |e author |9 318759 | |
| 700 | 0 | |a Makambila, P |e author |9 318760 | |
| 700 | 0 | |a Mashingaidze, E. K |e author |9 318761 | |
| 700 | 0 | |a Omondi, L. N |e author |9 318762 | |
| 700 | 0 | |a Ramiliarison, H |e author |9 318763 | |
| 700 | 0 | |a Soyinka, W |e author |9 318764 | |
| 700 | 0 | |a Soundjock, E |e author |9 318765 | |
| 700 | 0 | |a Thiam, I. D |e author |9 318766 | |
| 700 | 0 | |a Thystere-Tchicaya, J. P |e author |9 318767 | |
| 245 | 1 | 3 | |a La afirmación de la identidad cultural y la formación de la conciencia nacional en el Africa contemporánea |
| 300 | |a 220 p | ||
| 942 | |c BK | ||
| 945 | |d 19910730 00:00:00 | ||
| 260 | |a Barcelona |b UNESCO |c 1983 | ||
| 650 | 7 | |a NACIONALISMO |2 CL-VaPUC |9 318768 | |
| 650 | 0 | |a Política y gobierno |9 255151 | |
| 651 | 0 | |a África |9 256790 | |
| 583 | |a last modification |c 19910730 00:00:00 |k Rodrigo Vera | ||
| 490 | 0 | |a Temas africanos, 13 | |
| 999 | |c 223663 |d 223661 | ||
| 952 | |0 0 |1 0 |4 0 |6 325_460000000000000_AGU_1983 |7 0 |8 A |9 219682 |a BIBHIS |b BIBHIS |d 2019-11-15 |i 2883724 |o 325.46 AGU 1983 |p 2883724 |r 2025-01-20 |w 2019-11-15 |y BK |k HIS | ||
| 952 | |0 0 |1 0 |4 0 |6 325_460000000000000_AGU_1983 |7 0 |8 A |9 219683 |a BIBHIS |b BIBHIS |d 2019-11-15 |i 1383922 |o 325.46 AGU 1983 |p 1383922 |r 2025-01-20 |w 2019-11-15 |y BK |k HIS | ||